000 00699 a2200193 4500
020 _a0387295038
020 _a9780387295039
082 _a519.77
090 _c1155
_d1155
100 1 _aLi, Duan.
245 1 0 _aNonlinear integer programming /
_cDuan Li, Xiaoling Sun.
260 _a[S.l.] :
_bSpringer,
_c2006.
300 _a462 p. ;
_c24 cm.
490 1 _aInternational series in operations research & management science.
700 1 _aSun, Xiaoling.
830 0 _aInternational series in operations research & management science.
942 _aSNS
_cBK
_k519.77 LI
999 _c29768
_d29768